Countries listed by the alphabetical order of their capital city - Statistics

General Stats
  • This quiz has been taken 3,574 times
    3,136 since last reset
  • The average score is 77 of 196
Answer Stats
Hint Answer % Correct
Asia/Europe Turkey
83%
Europe Andorra
80%
Europe Netherlands
79%
South America Paraguay
79%
Asia United Arab Emirates
76%
South America Brazil
74%
Europe Greece
74%
South America Argentina
72%
South America Colombia
72%
Africa Ethiopia
72%
Africa Nigeria
72%
Africa Algeria
71%
South America Venezuela
70%
Africa Ghana
69%
Europe Germany
67%
Asia Jordan
67%
Oceania Samoa
67%
Oceania Australia
66%
Europe Belgium
66%
Europe Switzerland
66%
Europe Hungary
65%
Europe Romania
65%
Africa Madagascar
64%
Europe Serbia
64%
North America Belize
63%
Europe Slovakia
62%
Asia China
60%
Europe Denmark
59%
Europe Croatia
58%
South America Guyana
57%
Asia Turkmenistan
57%
Africa Eritrea
56%
Asia Iraq
55%
Europe Ireland
55%
Asia Thailand
55%
Asia Azerbaijan
54%
North America United States of America
54%
North America Barbados
53%
Africa Egypt
53%
South America Peru
53%
Oceania New Zealand
52%
Europe Moldova
51%
Asia Lebanon
50%
Africa Mali
50%
North America Saint Kitts
50%
Asia Brunei
49%
Europe Finland
49%
Europe Poland
49%
North America Saint Lucia
49%
North America Cuba
48%
Asia/Europe Russia
48%
South America Uruguay
48%
South America Chile
46%
Europe Portugal
46%
Europe Austria
45%
Africa Central African Republic
45%
South America Ecuador
45%
North America Guatemala
45%
South America Suriname
45%
Europe United Kingdom
45%
Asia Kyrgyzstan
44%
Europe Liechtenstein
44%
Europe Lithuania
44%
Africa Republic of the Congo
44%
Europe Vatican City
44%
Africa Gambia
43%
North America Jamaica
43%
Europe Malta
42%
Oceania Solomon Islands
41%
Europe Spain
41%
Oceania Tuvalu
41%
Europe Ukraine
41%
Asia Bangladesh
40%
South America Bolivia
40%
North America Canada
40%
Africa Djibouti
40%
Europe Luxembourg
40%
North America Mexico
40%
Europe Slovenia
40%
Asia Syria
40%
Asia Armenia
39%
Africa Guinea-Bissau
39%
Asia Kazakhstan
39%
Asia Vietnam
39%
Asia East Timor
38%
Asia Indonesia
38%
Oceania Nauru
38%
Europe Norway
38%
Asia Qatar
38%
Asia Tajikistan
38%
Europe France
37%
Asia Israel
37%
Asia Pakistan
37%
Europe San Marino
37%
Africa Senegal
37%
Europe Sweden
37%
Africa Tanzania
37%
Europe Belarus
36%
Europe Monaco
36%
North America Nicaragua
36%
North America Panama
36%
North America Saint Vincent and the Grenadines
36%
Africa Namibia
35%
Oceania Papua New Guinea
35%
Africa Zimbabwe
35%
North America Haiti
34%
Europe Italy
34%
Europe Latvia
34%
North America El Salvador
33%
Europe Estonia
33%
Africa Guinea
33%
Europe Iceland
33%
Oceania Marshall Islands
33%
Asia Mongolia
33%
North America Costa Rica
32%
Europe Czech Republic
32%
North America Dominican Republic
32%
Asia Laos
32%
Africa Botswana
31%
Europe Montenegro
31%
Asia Nepal
31%
Africa Sierra Leone
31%
Africa South Sudan
31%
North America Trinidad and Tobago
31%
Africa Uganda
31%
Oceania Vanuatu
31%
Asia Afghanistan
30%
North America Bahamas
30%
Africa Cameroon
30%
Europe Kosovo
30%
Africa Rwanda
30%
Europe Albania
29%
Africa Angola
29%
Europe Bosnia and Herzegovina
29%
Africa Democratic Republic of the Congo
29%
Oceania Fiji
29%
North America Honduras
29%
Africa Sudan
29%
Oceania Federated States of Micronesia
28%
Asia Japan
28%
Asia Kuwait
28%
Asia Malaysia
28%
Oceania Palau
28%
Africa Zambia
28%
Europe Bulgaria
27%
Africa Burundi
27%
Africa Cote d'Ivoire
27%
Asia North Korea
26%
Asia South Korea
26%
Oceania Tonga
26%
North America Dominica
25%
Asia Iran
25%
Africa Malawi
25%
Asia Maldives
25%
Africa Morocco
25%
Asia Philippines
25%
Asia Yemen
25%
North America Antigua and Barbuda
24%
Asia Bahrain
24%
North America Grenada
24%
Africa Kenya
24%
Oceania Kiribati
24%
Europe North Macedonia
24%
Asia Oman
24%
Asia Saudi Arabia
24%
Asia Taiwan
24%
Africa Togo
24%
Africa Tunisia
24%
Africa Burkina Faso
23%
Asia India
23%
Africa Mozambique
23%
Africa Somalia
23%
Asia Cambodia
22%
Africa Mauritius
22%
Africa Seychelles
22%
Asia Singapore
22%
Asia Uzbekistan
22%
Asia Burma
21%
Africa Libya
21%
Africa Equatorial Guinea
20%
Asia Georgia
20%
Africa Lesotho
20%
Africa Liberia
20%
Africa Benin
19%
Asia Cyprus
19%
Africa Gabon
19%
Africa Sao Tome and Principe
19%
Asia Sri Lanka
19%
Asia Bhutan
18%
Africa Chad
18%
Africa Comoros
18%
Africa Eswatini
18%
Africa Niger
18%
Africa Cape Verde
17%
Africa Mauritania
17%
Africa South Africa
17%
No matching quizzes found
Score Distribution
Percent of People with Each Score
Percentile by Number Answered
Your Score History
You have not taken this quiz since the last reset